000 00344nam a2200133Ia 4500
008 220214s9999 xx 000 0 und d
022 _a0006-3525
245 0 _aBIOPOLYMERS
260 _bJohn Wiley and Sons Inc., New York
_aUSA
310 _a12
500 _aEnding Volume & Year: 5, 1967
500 _aStarting Volume & Year: 1, 1963
942 _cBJ
999 _c20
_d20